000 00262nam a2200109Ia 4500
008 240625s9999 xx 000 0 und d
041 _aeng
082 _a300.72 CHA
100 _aCHAWLA DEEPAK
245 _aRESEARCH METHODOLOGY CONCEPTS AND CASES
260 _c2011
999 _c35197
_d35197